All 9 of Santa's Reindeers - Statistics

General Stats
  • This quiz has been taken 64 times
  • The average score is 8 of 9
Answer Stats
Name % Correct
Rudolph
100%
Dancer
93%
Prancer
93%
Dasher
89%
Blitzen
86%
Cupid
86%
Comet
80%
Vixen
80%
Donner
79%
No matching quizzes found
Score Distribution
Percent of People with Each Score
Percentile by Number Answered
Your Score History
You have not taken this quiz